|
|
|
|
| LEADER |
00754nam a2200205 i 4500 |
| 001 |
c000240105 |
| 003 |
CARM |
| 005 |
00000000000000.0 |
| 008 |
840305s1950 xx 0 eng d |
| 019 |
1 |
|
|a 24774972
|z 10207822
|5 LACONCORD2021
|
| 035 |
|
|
|a (OCoLC)5280103
|5 LACONCORD2021
|
| 082 |
0 |
4 |
|a 309.26209673
|
| 100 |
1 |
|
|a Batalha, Fernando.
|
| 245 |
1 |
2 |
|a A urbanizacao de Angola /
|c Fernando Batalha.
|
| 260 |
|
|
|a Luanda :
|b Edicao do Museu de Angola,
|c 1950.
|
| 300 |
|
|
|a 22p. :
|b ill.
|
| 650 |
|
0 |
|a City planning
|z Angola.
|
| 852 |
8 |
|
|b CARM
|h A2:AJ26H0
|i F01380
|p 0327948
|f BK
|
| 999 |
f |
f |
|i 2000fe98-0270-5c4f-93e0-a3c623e32a90
|s 2adf11f4-6eec-5e6f-b350-2d24b5960c73
|
| 952 |
f |
f |
|p Can circulate
|a CAVAL
|b CAVAL
|c CAVAL
|d CARM 1 Store
|e F01380
|f A2:AJ26H0
|h Other scheme
|i book
|m 0327948
|